|
|
|
|
| LEADER |
00000nam2a2200000 4500 |
| 001 |
39744 |
| 005 |
20231101210557.0 |
| 010 |
|
|
|a 575670101X
|
| 035 |
|
|
|a (RuTPU)RU\TPU\book\40619
|
| 090 |
|
|
|a 39744
|
| 100 |
|
|
|a 20020411d1999 m y0rusy50 ca
|
| 101 |
0 |
|
|a rus
|
| 102 |
|
|
|a RU
|
| 105 |
|
|
|a y e 000zd
|
| 200 |
0 |
|
|a Тобизен - Тургенев
|f под ред. В. В. Майкова
|
| 210 |
|
|
|d 1999
|
| 215 |
|
|
|a 303 с.
|
| 461 |
|
1 |
|0 (RuTPU)RU\TPU\book\40973
|y 5-7567-0064-1
|t Русский биографический словарь
|o неопубликованные материалы
|o в 8 т.
|f сост. М. П. Лепехин
|v Тобизен - Тургенев
|d 1997-
|
| 606 |
1 |
|
|a Биографические справочники
|2 stltpush
|3 (RuTPU)RU\TPU\subj\68826
|9 83948
|
| 610 |
1 |
|
|a справочные издания
|
| 610 |
1 |
|
|a словари
|
| 610 |
1 |
|
|a персоналии
|
| 610 |
1 |
|
|a биографии
|
| 610 |
1 |
|
|a редкие книги
|
| 610 |
1 |
|
|a Россия
|
| 610 |
1 |
|
|a искусство
|
| 610 |
1 |
|
|a культура
|
| 610 |
1 |
|
|a история
|
| 610 |
1 |
|
|a государственные деятели
|
| 686 |
|
|
|a Я22
|v LBC/SL-A
|2 rubbk
|
| 702 |
|
1 |
|a Майков
|b В. В.
|g Владимир Владимирович
|4 340
|
| 801 |
|
1 |
|a RU
|b 63413507
|c 20020411
|g PSBO
|
| 801 |
|
2 |
|a RU
|b 63413507
|c 20190524
|g PSBO
|
| 942 |
|
|
|c BK
|